000 01489nam0a2200265 4500
001 RU\NLR\BIBL_A\012015797
005 20260408204217.0
035 _a(NLR Aleph) 012015797
090 _a11473309
_c11473309
100 _a20190520d1901 |||y0rusy50 ca
101 0 _arus
102 _aRU
105 _aa|||g|||000zy
200 1 _aОптовый прейс-курант паровой фабрики кондитерских товаров, шоколада, драже и новых французских печений Торгового Дома А. Сиу и К°, Кондитерское отделение, апрель 1901 г.
_eвышедшие от нас прежние прейс-куранты этим уничтожаются
210 _aМосква
_cТипо-Лит. "Русск. Т-ва печ. и издат. дела"
_dценз. 1901
215 _a40, [2] с.
_cил., табл.
_d26
606 _aКондитерская промышленность
_yРоссия
_3RU\NLR\AUTH\661564224
_92627664
710 0 2 _a"Сиу, А. и К°", торговый дом
_bПаровая фабрика кондитерских товаров, шоколада, драже и новых французских печений
_cМосква
_9661808
_3RU\NLR\AUTH\880500990
852 _aNLR
_j34.48.3.282(1)
942 _cBOOK
980 _aNB